Kant: de la Crítica a la filosofía de la religión (Record no. 10997)

MARC details
000 -LEADER
campo de control de longitud fija 01199nam a22002895i 4500
001 - NÚMERO DE CONTROL
campo de control 10997
003 - IDENTIFICADOR DE NÚMERO DE CONTROL
campo de control ES-MaACL
005 - FECHA Y HORA DE LA ÚLTIMA TRANSACCIÓN
campo de control 20240125164724.0
007 - CAMPO FIJO DE DESCRIPCIÓN FÍSICA--INFORMACIÓN GENERAL
campo de control de longitud fija t|
008 - DATOS DE LONGITUD FIJA--INFORMACIÓN GENERAL
campo de control de longitud fija 940706s1994 sp ||||0| spa j
020 ## - NÚMERO INTERNACIONAL ESTÁNDAR DEL LIBRO
Número Internacional Estándar del Libro 84-7658-419-9
040 ## - FUENTE DE CATALOGACIÓN
Centro catalogador/agencia de origen M-BN
Lengua de catalogación spa
Centro/agencia transcriptor M-BN
080 ## - NÚMERO DE LA CLASIFICACIÓN DECIMAL UNIVERSAL
Número de la Clasificación Decimal Universal 1 Kant, Immanuel
245 00 - MENCIÓN DEL TÍTULO
Título Kant: de la Crítica a la filosofía de la religión
Resto del título : en el bicentenario de La Religión en los límites de la mera razón /
Mención de responsabilidad, etc. Dulce María Granja Castro (coord.) ; prólogo de Fernando Salmerón ; H.E. Allison ... [et al.].
250 ## - MENCION DE EDICION
Mención de edición 1ª ed.
260 ## - PUBLICACIÓN, DISTRIBUCIÓN, ETC.
Lugar de publicación, distribución, etc. Barcelona :
Nombre del editor, distribuidor, etc. Anthropos ;
Lugar de publicación, distribución, etc. México :
Nombre del editor, distribuidor, etc. Universidad Autónoma Metropolitana, Unidad Iztapalapa,
Fecha de publicación, distribución, etc. 1994.
300 ## - DESCRIPCIÓN FÍSICA
Extensión 217 p ;
Dimensiones 20 cm.
490 1# - MENCIÓN DE SERIE
Mención de serie Autores, textos y temas. Filosofía ;
Designación de volumen o secuencia 45
600 14 - PUNTO DE ACCESO ADICIONAL DE MATERIA--NOMBRE DE PERSONA
Nombre de persona Kant, Immanuel,
Fechas asociadas al nombre 1724-1804-
Subdivisión general Crítica e interpretación
9 (RLIN) 67497
700 1# - ENTRADA AGREGADA--NOMBRE PERSONAL
Nombre de persona Granja Castro, Dulce María.
9 (RLIN) 59644
700 1# - ENTRADA AGREGADA--NOMBRE PERSONAL
Nombre de persona Allison, Henry E.
9 (RLIN) 20044
700 1# - ENTRADA AGREGADA--NOMBRE PERSONAL
Nombre de persona Salmerón, Fernando.
9 (RLIN) 101988
710 2# - ENTRADA AGREGADA--NOMBRE DE ENTIDAD CORPORATIVA
Nombre de entidad corporativa o nombre de jurisdicción como elemento de entrada Universidad Autónoma Metropolitana.
9 (RLIN) 169907
830 0# - PUNTO DE ACCESO ADICIONAL DE SERIE-TÍTULO UNIFORME
Título uniforme Autores, textos y temas. Filosofía ;
Designación de volumen o secuencia 45
9 (RLIN) 177263
852 ## - LOCALIZACIÓN
Ubicación ES-MaACL
Número de control de estantería L-18351
Sublocalización o colección R.122534
Holdings
Estatus retirado Estado de pérdida Estado de daño No para préstamo Biblioteca de origen Biblioteca actual Ubicación en estantería Fecha de adquisición Fuente de adquisición Total de préstamos Signatura topográfica completa Código de barras Visto por última vez Precio de reemplazo Tipo de ítem Koha
        Biblioteca del Ateneo de Madrid Biblioteca del Ateneo de Madrid Depósito 2 17/01/2008     L-18351 1011215 23/02/2023 23/02/2023 Libro impreso